000
00152nam a22000857a 4500
082
_a
823
100
_a
EMILY HUTTA
245
_a
CATS DONT DANCE
942
_c
BK
999
_c
8400
_d
8400